| 000 | 00966nac a22002411u 4500 | ||
|---|---|---|---|
| 010 | _a 94037615 | ||
| 020 | _a0824789237 | ||
| 082 | 0 | 0 |
_a604.7 _bGRO |
| 090 |
_c6527 _d6527 |
||
| 100 | _a20080729 | ||
| 245 | 0 | 0 |
_aHandbook of highly toxic materials handling and management / _cedited by Stanley S. Grossel, Daniel A. Crowl. |
| 260 |
_aNew York : _bMarcel Dekker,1995 _cc1995. |
||
| 300 |
_aviii, 532 p. : _bill. ; _c24 cm. |
||
| 440 | 0 |
_aEnvironmental science and pollution control series ; _v15 |
|
| 500 | _adistributer: Al-Ahram | ||
| 504 | _aIncludes bibliographical references and index. | ||
| 511 | _acatalogued by: wessam | ||
| 650 | 0 |
_aHazardous substances _xSafety measures _xHandbooks, manuals, etc. |
|
| 700 | 1 |
_aGrossel, Stanley S., _d1928- |
|
| 700 | 1 | _aCrowl, Daniel A. | |
| 856 | 4 | 2 |
_3Publisher description _uhttp://www.loc.gov/catdir/enhancements/fy0647/94037615-d.html |
| 942 |
_cBB _k604.7GRO |
||
| 999 |
_c6527 _d6527 |
||